|
|
|
|
| LEADER |
01040nam a2200277 a 4500 |
| 001 |
12548684 |
| 008 |
010928s19731955nyu 000 1 eng d |
| 010 |
|
|
|a 2001052393
|
| 020 |
|
|
|a 0140185003
|
| 020 |
|
|
|a 9780140185003
|
| 040 |
|
|
|a DLC
|c DLC
|d DLC
|
| 082 |
0 |
0 |
|a 823/.912
|2 17
|
| 100 |
1 |
|
|a Greene, Graham,
|d 1904-1991.
|
| 245 |
1 |
4 |
|a The quiet American /
|c by Graham Greene.
|
| 260 |
|
|
|a New York :
|b Penguin Books,
|c 1973
|
| 300 |
|
|
|a 188 p. ;
|c 20 cm.
|
| 541 |
1 |
|
|e 00010060
|
| 650 |
|
0 |
|a Indochinese War, 1946-1954
|v Fiction.
|
| 650 |
|
0 |
|a Triangles (Interpersonal relations)
|v Fiction.
|
| 650 |
|
0 |
|a Americans
|z Indochina
|v Fiction.
|
| 650 |
|
0 |
|a War correspondents
|v Fiction.
|
| 651 |
|
0 |
|a Indochina
|v Fiction.
|
| 651 |
|
0 |
|a Vietnam
|v Fiction.
|
| 852 |
4 |
|
|a Ayesha Abed Library
|j General Shelf.
|
| 999 |
|
|
|c 2387
|d 2387
|
| 952 |
|
|
|0 0
|1 0
|2 ddc
|4 0
|6 823_912000000000000_GRE
|7 0
|9 2207
|a BRACUL
|b BRACUL
|c GEN
|d 2009-07-14
|g 0.00
|l 5
|m 32
|o 823.912 GRE
|p 3010010060
|q 2026-06-02
|r 2026-05-18
|s 2026-05-18
|t 1
|w 2009-07-14
|y BK
|x No price found in the accession register.
|